| 000 | 00420nam a22001577a 4500 | ||
|---|---|---|---|
| 005 | 20171110103653.0 | ||
| 008 | 171110b xxu||||| |||| 00| 0 eng d | ||
| 020 | _a0860373658 | ||
| 040 | _cPK-LaUMT | ||
| 082 |
_aPKAC 297 _bABU-T |
||
| 100 | _aAbul Ala Maudodi | ||
| 245 |
_aTowards understanding Islam/ _cAbul Ala Maudodi |
||
| 260 |
_aLeicester UK. _bThe Islamic foundation, _c1980 |
||
| 300 | _a116 p. | ||
| 942 | _cBK | ||
| 999 |
_c99927 _d99927 |
||